| 000 -LEADER |
| fixed length control field |
00228nam a22000857a 4500 |
| 100 ## - MAIN ENTRY--PERSONAL NAME |
| Personal name |
Madan, Brig. Pessie |
| 9 (RLIN) |
21606 |
| 245 ## - TITLE STATEMENT |
| Title |
An odyssey : |
| Remainder of title |
My reminiscences |
| Statement of responsibility, etc |
by Brig. Pessie Madan |
| 260 ## - PUBLICATION, DISTRIBUTION, ETC. (IMPRINT) |
| Place of publication, distribution, etc |
Delhi |
| Name of publisher, distributor, etc |
Konark |
| Date of publication, distribution, etc |
2008 |
| 300 ## - PHYSICAL DESCRIPTION |
| Extent |
257p. |